000 00669cam a2200205 4500
001 ABS61994
008 000000n2000 000 0 eng u
035 _a(Sirsi) u104149
100 _aElford, J.
245 _aSole survivors
260 _c2000
490 _aProperty Week
_v65(3) 21 January 2000, 52-53(2)
520 _aA group of chartered surveyors working as sole practitioners in East Anglia have set up a network, the East Anglia Sole Practitioners Panel.
590 _aABS
650 _aSOLE PRACTITIONERS
650 _aNETWORKING
650 _aABOUT RICS-RICS MEMBERS
690 _aMANAGEMENT-BUSINESS MANAGEMENT-PROFESSIONAL PRACTICE
942 _n0
999 _c62509
_d62509